000 01834nam a2200217 a 4500
003 AM-YEHGA
005 20260309164104.0
008 260210s1903 ua |||gr|||| 00||1 arm d
040 _aAM-YeHGA
041 0 _aarm
100 1 _aՕտյան,Երվանդ,
_d1869-1926
245 1 0 _aՀամբարձում աղա /
_cԳրեց՝ Երուանդ Օտեան․
260 _aԱլեքսանդրիա :
_bԱ․ հ․,
_c1903.
300 _a(9 գիրք մեկ կազմի մեջ ) ; 28 էջ
490 0 _a«Պալքանեան մամուլ»ի Թերթօնը :
_v1
500 _aԱլիգ 6
501 _aՄեկ կազմի մեջ՝ Թագաւորին համար ։ միջադէպ մը պալքանեան պատերազմէն / Սէթ Գալէմճեան։ Սոֆիա։ Ա․ հ․։ 1941։ - Ալիգ 1 ; Սուլամիթ կամ Երուսաղէմի Սողոմոն թագաւորին սիրուհին / Ա․ տ․։ Ա․ հ․։ Ա․ թ։ - Ալիգ 2 ; Հրաշք ։ Աւանդական պատուածք / Գ․Յ․ Շամալեան։ Ա․ տ․։ Ա․ հ․։ Ա․ թ։ - Ալիգ 3 ; Ոսկի ապրջան ։ (Վէպ գործաւորի կեանքէ) / Արփիար Արփիարեան։ Ա․ տ․։ Ա․ հ․։ Ա․ թ։ - Ալիգ 4 ; Հոգու զաւակը / Արփիար Արփիարեան։ Ա․ տ․։ Ա․ հ․։ Ա․ թ։ - Ալիգ 5 ; Մի վէրք էլ․․․ ։ (Պատմուածք) / Գալուստ։ Ա․ տ․։ Ա․ հ․։ Ա․ թ։ - Ալիգ 7 ; Հացի գին ։ (Գաղթական հայուհիի կեամքէ) / Վառնա։ Ա․ հ․, 1898։ - Ալիգ 8 ; Քաղքըցի աղջիկ ։ (Բիւթնահայ գիւղական բարքեր) / Ա․ տ․։ Ա․ հ․։ Ա․ թ։ - Ալիգ 9
650 1 4 _aՀայ գրականություն
_xՊատմվածք
942 _2udc
_cBK
001 2048665
999 _c541466
_d541466